[Event "TUR-chT Clubs"]
[Site "Konya"]
[Date "2019.07.18"]
[Round "5.8"]
[White "Yigit, Fatih"]
[Black "Acar, Eren"]
[Result "0-1"]
[WhiteElo "1594"]
[BlackElo "1539"]
[PlyCount "98"]
[EventDate "2019.07.16"]
[EventType "team-swiss"]
[EventRounds "9"]
[EventCountry "TUR"]
[SourceTitle "CBM 191 Extra"]
[Source "ChessBase"]
[SourceDate "2019.09.30"]
[SourceVersion "1"]
[SourceVersionDate "2019.09.30"]
[SourceQuality "1"]
[WhiteTeam "Trabzon Feda"]
[BlackTeam "Nazilli Belediyesi"]
[WhiteTeamCountry "TUR"]
[BlackTeamCountry "TUR"]

1. d4 d5 2. c4 e6 3. Nc3 Nf6 4. e3 Be7 5. Nf3 0-0 6. Be2 dxc4 7. 0-0 c5 8. Bxc4 cxd4 9. Nxd4 a6 10. b3 b5 11. Be2 Bb7 12. Bf3 Nd5 13. Bb2 Bf6 14. Qe2 Bxd4 15. exd4 Qg5 16. Ne4 Qg6 17. Bc1 Nd7 18. Re1 N7f6 19. Nc5 Nc3 20. Qe3 Bxf3 21. Qxf3 Ncd5 22. Bd2 Rfd8 23. Ba5 Re8 24. a4 h6 25. Nd3 Rab8 26. Ne5 Qg5 27. g3 Rec8 28. h4 Qh5 29. Qd3 Qf5 30. Qxf5 exf5 31. Rac1 Rxc1 32. Rxc1 f4 33. Rc6 fxg3 34. fxg3 bxa4 35. bxa4 Ra8 36. Nd3 Ne4 37. Kg2 Ne7 38. Rb6 Nd5 39. Rb7 Rc8 40. Kf3 Nec3 41. Nc5 Rc6 42. Rb3 Rf6+ 43. Kg2 Ne2 44. Rb8+ Kh7 45. Ra8 Ne3+ 46. Kh3 Rf1 47. Kh2 Rf2+ 48. Kh1 Nxg3+ 49. Kg1 Rg2# 0-1

[Event "TUR-chT Clubs"]
[Site "Konya"]
[Date "2019.07.17"]
[Round "3.8"]
[White "Acar, Eren"]
[Black "Ultanir, Guray"]
[Result "0-1"]
[WhiteElo "1539"]
[BlackElo "1601"]
[PlyCount "54"]
[EventDate "2019.07.16"]
[EventType "team-swiss"]
[EventRounds "9"]
[EventCountry "TUR"]
[SourceTitle "CBM 191 Extra"]
[Source "ChessBase"]
[SourceDate "2019.09.30"]
[SourceVersion "1"]
[SourceVersionDate "2019.09.30"]
[SourceQuality "1"]
[WhiteTeam "Nazilli Belediyesi"]
[BlackTeam "Sungurlu Egitim Genclik"]
[WhiteTeamCountry "TUR"]
[BlackTeamCountry "TUR"]

1. a3 a6 2. e4 c5 3. Nf3 e6 4. d4 cxd4 5. Nxd4 Qc7 6. Nc3 Nc6 7. Nxc6 bxc6 8. Bd3 Nf6 9. 0-0 Be7 10. f4 0-0 11. e5 Nd5 12. Ne4 f5 13. exf6 Nxf6 14. Be3 Nxe4 15. Bxe4 d5 16. Bd3 e5 17. fxe5 Qxe5 18. Rxf8+ Bxf8 19. Qf3 Bd6 20. g3 Bh3 21. c3 Rf8 22. Qe2 Bg4 23. Qd2 Rf3 24. Re1 Rxg3+ 25. hxg3 Qxg3+ 26. Kf1 Bh3+ 27. Ke2 Qg4+ 0-1

[Event "TUR-chT Clubs"]
[Site "Konya"]
[Date "2019.07.17"]
[Round "2.10"]
[White "Durak, Ahmet"]
[Black "Acar, Eren"]
[Result "1-0"]
[WhiteElo "1786"]
[BlackElo "1539"]
[PlyCount "65"]
[EventDate "2019.07.16"]
[EventType "team-swiss"]
[EventRounds "9"]
[EventCountry "TUR"]
[SourceTitle "CBM 191 Extra"]
[Source "ChessBase"]
[SourceDate "2019.09.30"]
[SourceVersion "1"]
[SourceVersionDate "2019.09.30"]
[SourceQuality "1"]
[WhiteTeam "Bitlis Ihtisas Egitim"]
[BlackTeam "Nazilli Belediyesi"]
[WhiteTeamCountry "TUR"]
[BlackTeamCountry "TUR"]

1. Nf3 Nf6 2. c4 e6 3. b3 d5 4. Bb2 Be7 5. g3 0-0 6. Bg2 c5 7. cxd5 exd5 8. 0-0 Nc6 9. d4 cxd4 10. Nxd4 Nxd4 11. Bxd4 Bf5 12. Nc3 Ne4 13. Rc1 Rc8 14. Nxe4 Rxc1 15. Qxc1 dxe4 16. Bxa7 Qa5 17. Bd4 Qxa2 18. Qc7 Re8 19. Qe5 f6 20. Qxf5 Qxe2 21. Qxe4 Qd2 22. Be3 Qc3 23. Qxb7 Kh8 24. Qc6 Qxc6 25. Bxc6 Rb8 26. Rd1 h6 27. Rd7 Ba3 28. Bf4 Rb6 29. Rd8+ Kh7 30. Be4+ g6 31. Rd7+ Kh8 32. Bxh6 f5 33. Bg7+ 1-0

[Event "TUR-chT 2nd League"]
[Site "Konya"]
[Date "2017.07.22"]
[Round "8.13"]
[White "Acar, Eren"]
[Black "Yavuz, Efe Metehan"]
[Result "0-1"]
[WhiteElo "1448"]
[BlackElo "1707"]
[PlyCount "94"]
[EventDate "2017.07.17"]
[EventType "team-swiss"]
[EventRounds "9"]
[EventCountry "TUR"]
[SourceTitle "CBM 179 Extra"]
[Source "ChessBase"]
[SourceDate "2017.08.23"]
[SourceVersion "1"]
[SourceVersionDate "2017.08.23"]
[SourceQuality "1"]
[WhiteTeam "Ayidin Nazilli Belediyesi"]
[BlackTeam "Bolu Koroglu"]
[WhiteTeamCountry "TUR"]
[BlackTeamCountry "TUR"]

1. e4 e5 2. Nf3 Nc6 3. Bb5 a6 4. Ba4 Nf6 5. d3 b5 6. Bb3 Bc5 7. 0-0 d6 8. c3 Bb6 9. Re1 h6 10. Nbd2 Nh5 11. Nf1 Qf6 12. Ne3 Nf4 13. Nd5 Nxd5 14. Bxd5 Bb7 15. Be3 Bxe3 16. fxe3 Na5 17. Bxb7 Nxb7 18. Rf1 Qe7 19. d4 0-0 20. Qc2 Rfe8 21. Rae1 c5 22. d5 c4 23. Re2 Nc5 24. Nd2 Qc7 25. Ref2 Re7 26. Rf3 Qb6 27. Rg3 g6 28. Qd1 Kh7 29. Qg4 Rg8 30. Rh3 Qd8 31. Qg5 Qf8 32. Kh1 Rd7 33. g4 Qg7 34. Rf6 Rb8 35. Qh4 a5 36. Rf1 Rb6 37. Nf3 Nd3 38. b3 cxb3 39. axb3 a4 40. bxa4 bxa4 41. Ng5+ Kg8 42. Qxh6 Qxh6 43. Rxh6 a3 44. Ra1 Ra7 45. Nf3 a2 46. Nd2 Rb2 47. Rh3 Nf2+ 0-1

[Event "TUR-chT 2nd League"]
[Site "Konya"]
[Date "2017.07.21"]
[Round "7.12"]
[White "Nukan, Baris Tuna"]
[Black "Acar, Eren"]
[Result "0-1"]
[WhiteElo "1662"]
[BlackElo "1448"]
[PlyCount "110"]
[EventDate "2017.07.17"]
[EventType "team-swiss"]
[EventRounds "9"]
[EventCountry "TUR"]
[SourceTitle "CBM 179 Extra"]
[Source "ChessBase"]
[SourceDate "2017.08.23"]
[SourceVersion "1"]
[SourceVersionDate "2017.08.23"]
[SourceQuality "1"]
[WhiteTeam "Altin Hamle Corum"]
[BlackTeam "Ayidin Nazilli Belediyesi"]
[WhiteTeamCountry "TUR"]
[BlackTeamCountry "TUR"]

1. e4 c5 2. Nc3 Nc6 3. g3 g6 4. Bg2 Bg7 5. f4 e6 6. Nf3 Nge7 7. 0-0 0-0 8. d3 d5 9. e5 b6 10. g4 Bb7 11. Qe2 Qd7 12. Kh1 Rae8 13. Qf2 f6 14. Qg3 fxe5 15. fxe5 Rf7 16. Bg5 Ref8 17. Rae1 Qc7 18. Nb5 Qd7 19. Qh4 Nc8 20. Nc3 Nxe5 21. Qg3 Nxf3 22. Bxf3 Bxc3 23. bxc3 d4 24. Bxb7 Rxf1+ 25. Rxf1 Rxf1+ 26. Kg2 Rf7 27. Bxc8 Qxc8 28. Bh6 Qc6+ 29. Kg1 Qc7 30. Qg2 Qb7 31. Qg3 dxc3 32. Qe5 a6 33. h3 Qc7 34. Qe3 Qd6 35. Kg2 Qd5+ 36. Kg3 Qd6+ 37. Kg2 Qd5+ 38. Kg3 Qd4 39. Qe2 Qg1+ 40. Qg2 Qxg2+ 41. Kxg2 b5 42. Be3 Rc7 43. Bf4 Rc6 44. Kf3 Kf7 45. Ke4 a5 46. Be3 b4 47. Bf2 a4 48. Be3 Kf6 49. g5+ Ke7 50. Bf4 b3 51. cxb3 axb3 52. axb3 Rb6 53. d4 Rb4 54. Bc1 Rxd4+ 55. Ke3 Rd1 0-1

[Event "TUR-chT 2nd League"]
[Site "Konya"]
[Date "2017.07.17"]
[Round "1.13"]
[White "Ekinci, Berkay"]
[Black "Acar, Eren"]
[Result "1-0"]
[WhiteElo "1736"]
[BlackElo "1448"]
[PlyCount "105"]
[EventDate "2017.07.17"]
[EventType "team-swiss"]
[EventRounds "9"]
[EventCountry "TUR"]
[SourceTitle "CBM 179 Extra"]
[Source "ChessBase"]
[SourceDate "2017.08.23"]
[SourceVersion "1"]
[SourceVersionDate "2017.08.23"]
[SourceQuality "1"]
[WhiteTeam "Istanbul Sisli"]
[BlackTeam "Ayidin Nazilli Belediyesi"]
[WhiteTeamCountry "TUR"]
[BlackTeamCountry "TUR"]

1. d4 d5 2. c4 e6 3. Nc3 Nf6 4. Bg5 Be7 5. e3 Nbd7 6. Qc2 h6 7. Bh4 0-0 8. Nf3 c6 9. Be2 dxc4 10. Bxc4 b5 11. Bd3 Bb7 12. Rd1 a6 13. e4 Nh5 14. Bxe7 Qxe7 15. 0-0 Nf4 16. e5 Nxd3 17. Qxd3 Rfd8 18. Rfe1 Nb6 19. Ne4 Rab8 20. b3 Rd5 21. Qe3 Nd7 22. Nc3 Nb6 23. Nxd5 Nxd5 24. Qd2 c5 25. dxc5 Qxc5 26. Rc1 Qe7 27. Nd4 Qh4 28. Nc6 Re8 29. Qd4 Qg5 30. h4 Qg6 31. f3 Qg3 32. Qg4 Qxg4 33. fxg4 Nf4 34. Re3 Kf8 35. g3 Nd5 36. Ree1 Ne7 37. Nxe7 Rxe7 38. Red1 Ke8 39. Rd6 Rd7 40. Rcd1 Rxd6 41. Rxd6 Ke7 42. Kf2 Bc8 43. Ke3 a5 44. Kd4 Bd7 45. g5 h5 46. Kc5 a4 47. b4 Be8 48. Rb6 g6 49. Rxb5 Bxb5 50. Kxb5 a3 51. Kc6 Kd8 52. b5 Kc8 53. b6 1-0